| 000 | 01024cam a2200217 4500 | ||
|---|---|---|---|
| 001 | WB3608-10 | ||
| 008 | 000000n2000 000 0 eng u | ||
| 035 | _a(Sirsi) u104270 | ||
| 245 | _a£2 shop fee to beat internet | ||
| 260 | _c2000 | ||
| 490 |
_aDaily Telegraph _v 19 February 2000, 4(1) |
||
| 520 | _aIn order to combat the growing popularity of online shopping, Bluewater shopping centre managers are considering charging shoppers a £2 entry fee which could generate £69m annually and allow them to stop charging rent to retailers. Retailers would then have resources to spend on making their shops more appealing, and savings could be passed on in terms of lower prices. The entrance fee idea has attracted interest from other large shopping centres. | ||
| 590 | _aWB | ||
| 650 | _aBLUEWATER SHOPPING CENTRE | ||
| 650 | _aE-COMMERCE | ||
| 650 | _aONLINE SHOPPING | ||
| 650 | _aINTERNET RETAILING | ||
| 650 | _aSHOPPING CENTRES | ||
| 690 | _aPROPERTY-COMMERCIAL PROPERTY-RETAIL PROPERTY | ||
| 942 | _n0 | ||
| 999 |
_c62557 _d62557 |
||